000 00299nam a22001337a 4500
008 170221b xxu||||| |||| 00| 0 eng d
020 _a9781617310706
041 _aeng
080 _25 ED
_a615
100 _a5
101 _a SHF
245 _aPHARMACY TECHNICIAN
_cTH.E MENIGHAN
942 _2udc
_cBK
999 _c5936
_d5936